LEADER 01318nam a2200301 i 4500 001 000000238809 003 CaOOAMICUS 005 20210121122829.0 008 150213s2015 fr u000 u fre u 013 $a217714 020 $a978-2-204-10365-7 040 $aSeMil$bita 245 10$a5: La réconciliation /$cJean-Philippe Revel ; postface, Daniel Bourgeois. 264 1$aParis :$bLes Éditions du Cerf,$c2015. 300 $a374 p. ;$c24 cm. 490 0 $aThéologies 650 4$aSacramenti - Studi.$0(OLS)http://semarc/subject/272 650 4$aConfessione dei peccati.$0(OLS)http://semarc/subject/2020 650 4$aRiconciliazione - Sacramento.$0(OLS)http://semarc/subject/34125 773 0 $aRevel, Jean-Philippe <1931-2013>$tTraité des sacrements.$dParis : Les Éditions du Cerf, 2004-2015.$kThéologies$g5$w()17762 830 0$aThéologies.$0(OLS)http://semarc/title/9365 850 $aSeMil 852 $aSeMil$W1$xVenegono$y1$m2N VI 414$j189155$B189155$CSeMilBibl$Z2$F199892 $81 961 $aOmaggio: Caspani don Pierpaolo 996 $6020$a978-2-204-10365-7$9(OLS)http://semarc/number/244597 996 $6245$a5: La réconciliation$9(OLS)http://semarc/title/340226 996 $6264$aParis :$bLes Éditions du Cerf$9(OLS)http://semarc/publisher/29611 LEADER 02183nam a2200349 i 4500 001 000000258187 003 CaOOAMICUS 005 20180418000000.0 008 180418s2018 gw u000 u eng u 013 $a237095 020 $a978-3-11-042520-8 040 $aSeMil$bita 245 10$a"When the morning stars sang" :$bessays in honor of Choon Leong Seow on the occasion of his sixty-fifth birthday /$cedited by Scott C. Jones and Christine Roy Yoder. 260 $aBerlin ; Boston :$bDe Gruyter,$c2018. 300 $aXVII, 389 p., [1] c. di tav. :$bill. ;$c24 cm. 490 0 $aBeihefte zur Zeitschrift für die alttestamentliche Wissenschaft ;$v500 500 $aCon Biography e Curriculum vitae di Choon Leong Seow, p. 4-16. 650 4$aBibbia. Antico Testamento. Giobbe - Commentari, studi, critica, interpretazioni.$0(OLS)http://semarc/subject/182 650 4$aBibbia. Antico Testamento. Qohelet - Commentari, studi, critica, interpretazioni.$0(OLS)http://semarc/subject/6967 650 4$aBibbia. Antico Testamento. Proverbi - Commentari, studi, critica, interpretazioni.$0(OLS)http://semarc/subject/13566 650 4$aBibbia. Antico Testamento. Siracide - Commentari, studi, critica, interpretazioni.$0(OLS)http://semarc/subject/12444 650 4$aBibbia. Antico Testamento - Commentari, studi, critica, interpretazioni.$0(OLS)http://semarc/subject/2 700 1 $aSeow, Choon-Leong <1952- >.$0(OLS)http://semarc/name/93283 700 1 $aYoder, Christine Roy <1968- >.$0(OLS)http://semarc/name/90963 700 1 $aJones, Scott C.$0(OLS)http://semarc/name/66949 830 0$aBeihefte zur Zeitschrift für die alttestamentliche Wissenschaft ;$v500.$0(OLS)http://semarc/title/294 850 $aSeMil 852 $aSeMil$W1$xVenegono$y1$m2XA Q 500$j208533$B208533$CSeMilBibl$Z2$F222181 $81 961 $aSottoscrizione: De Gruyter 996 $6020$a978-3-11-042520-8$9(OLS)http://semarc/number/283325 996 $6245$a"When the morning stars sang" :$bessays in honor of Choon Leong Seow on the occasion of his sixty-fifth birthday$9(OLS)http://semarc/title/413320 996 $6260$aBerlin ; Boston :$bDe Gruyter$9(OLS)http://semarc/publisher/36449